000 01153nam0a22002411 4500
001 rc\623509
005 20260407012814.0
035 _a(NLR Aleph) 005866306
090 _a5931822
_c5931822
100 _a20031121d1986 |||y0rusy50 ca
101 0 _arus
102 _aRU
105 _ay |||||||||
200 1 _aЗначение оказания первой медицинской помощи при кровотечении и методы его остановки
_e(Метод. рекомендации)
_fМ-во здравоохранения АзССР, Респ. Дом сан. просвещения, ЦК О-ва Красного Полумесяца АзССР
_g[Cост. И.И. Кафаров]
210 _aБаку
_cКоммунист
_d1986
215 _a11, [1] с.
_d21
702 1 _aКафаров
_bИ.И.
_gИслам Искендерович
_4220
712 0 2 _aАзербайджанский республиканский дом санитарного просвещения
_cБаку
_3RU\NLR\AUTH\8810000711
_9498596
801 0 _aRU
_bNLR
_gpsbo
801 1 _aRU
_bELAR
_2rusmarc
852 _aNLR
_j87-4/69
942 _cBOOK
980 _aNB